| 000 | 00862nam a2200241 a 4500 | ||
|---|---|---|---|
| 001 | 15029651 | ||
| 008 | 161031s2009 ||||||||||||||||| || u | ||
| 010 | _a2007938547 | ||
| 020 | _a9780762433728 | ||
| 050 | _aDS 407 Ind | ||
| 100 | _aMisra, Maria | ||
| 245 | 1 | 4 |
_aThe Britannica guide to India: a comprehensive introduction to the world's fastest growing country _cIntroduction by Maria Misra. |
| 246 | _aIndia | ||
| 246 | _aEncylopaedia Britannica guide to India | ||
| 250 | _a1st ed. | ||
| 260 |
_aPhiladelphia _bRunning Press _c2009 |
||
| 260 |
_aPhiladelphia _bConstable and Robinson ltd _c2009 |
||
| 300 | _axviii, 444 p.: ill.. | ||
| 500 | _aIncludes index. | ||
| 650 | 0 | _aINDIA | |
| 650 | _aINDIA--GUIDEBOOKS | ||
| 995 |
_FCBU-MAIN LIBRARY (Kitwe) _M1 _UREFERENCE _WOct 31, 2016 _ZReference Collection |
||
| 999 |
_c36156 _d36156 |
||